<?xml version="1.0" encoding="UTF-8"?>
<record
    xmlns:xsi="http://www.w3.org/2001/XMLSchema-instance"
    xsi:schemaLocation="http://www.loc.gov/MARC21/slim http://www.loc.gov/standards/marcxml/schema/MARC21slim.xsd"
    xmlns="http://www.loc.gov/MARC21/slim">

  <leader>04225nam a2200469 a 4500</leader>
  <controlfield tag="001">dia_3707</controlfield>
  <controlfield tag="003">CHAP</controlfield>
  <controlfield tag="005">20250509121216.0</controlfield>
  <controlfield tag="007">ta</controlfield>
  <controlfield tag="008">220601s2004    mx ad  frm    001 0 spa d</controlfield>
  <datafield tag="040" ind1=" " ind2=" ">
    <subfield code="a">mxchpua</subfield>
    <subfield code="c">CHAP</subfield>
  </datafield>
  <datafield tag="041" ind1="0" ind2=" ">
    <subfield code="a">spa</subfield>
    <subfield code="b">eng</subfield>
  </datafield>
  <datafield tag="090" ind1=" " ind2=" ">
    <subfield code="a">Tesis </subfield>
    <subfield code="b">G66 </subfield>
    <subfield code="c">2004</subfield>
  </datafield>
  <datafield tag="100" ind1="1" ind2=" ">
    <subfield code="a">Gonz&#xE1;lez Coli, Hilcias</subfield>
  </datafield>
  <datafield tag="240" ind1="1" ind2="0">
    <subfield code="a">Influence of homogenization, fat percentage and syneresis time on &#x201C;petit suisse&#x201D; type cheese.</subfield>
    <subfield code="l">Espa&#xF1;ol</subfield>
  </datafield>
  <datafield tag="245" ind1="1" ind2="0">
    <subfield code="a">Influencia de la homogeneizaci&#xF3;n, porciento de grasa y tiempo de desuerado en queso tipo "petit suisse" /</subfield>
    <subfield code="c">Hilcias Gonz&#xE1;lez Coli</subfield>
  </datafield>
  <datafield tag="264" ind1=" " ind2=" ">
    <subfield code="a">Chapingo, M&#xE9;xico :</subfield>
    <subfield code="b">El autor,</subfield>
    <subfield code="c">2004</subfield>
  </datafield>
  <datafield tag="300" ind1=" " ind2=" ">
    <subfield code="a">iv, 78 hojas :</subfield>
    <subfield code="b">ilustraciones, tablas, gr&#xE1;ficas</subfield>
  </datafield>
  <datafield tag="336" ind1=" " ind2=" ">
    <subfield code="2">rdacontent</subfield>
    <subfield code="a">texto</subfield>
    <subfield code="b">txt</subfield>
  </datafield>
  <datafield tag="337" ind1=" " ind2=" ">
    <subfield code="2">rdamedia</subfield>
    <subfield code="a">no mediado</subfield>
    <subfield code="b">n</subfield>
  </datafield>
  <datafield tag="338" ind1=" " ind2=" ">
    <subfield code="2">rdacarrier</subfield>
    <subfield code="a">volumen</subfield>
    <subfield code="b">nc</subfield>
  </datafield>
  <datafield tag="502" ind1=" " ind2=" ">
    <subfield code="a">Tesis</subfield>
    <subfield code="b">(Ingeniero Agroindustrial) --</subfield>
    <subfield code="c">UACh. Departamento de Ingenier&#xED;a Agroindustrial,</subfield>
    <subfield code="d">2004</subfield>
  </datafield>
  <datafield tag="504" ind1=" " ind2=" ">
    <subfield code="a">Bibliograf&#xED;a : hojas 74-78</subfield>
  </datafield>
  <datafield tag="520" ind1="3" ind2=" ">
    <subfield code="a">Esta investigaci&#xF3;n evalu&#xF3; la influencia de la homogenizaci&#xF3;n en queso tipo &#x201C;Petit Suisse&#x201D;, elaborado con leche al 3, 4 y 5% de grasa y homogeneizada a 700, 1000 y 1500 psia; se agreg&#xF3; sacarosa y pasteuriz&#xF3; a 63 &#xBA;C por 30 minutos. Se realizaron 9 tratamientos por triplicado con un dise&#xF1;o estad&#xED;stico Completamente Aleatorizado. En los quesos se midi&#xF3; grasa y humedad a 1 y 2 d&#xED;as de desuerado; los resultados se examinaron en un an&#xE1;lisis de varianza con una significancia &#x3B1;=0.05. Los quesos con un d&#xED;a de desuerado, al 3% de grasa presentaron 12.3% de grasa y 59% de humedad. Con el 4% de grasa, 13.7% de grasa y 59.2% de humedad a 1000 y 1500 psia. Al 5% de grasa, la mejor presi&#xF3;n fue 700 psia con un 18.5% de grasa y 57.6% de humedad. Se realiz&#xF3; una prueba de preferencia entre un queso comercial y tratamiento al 3% de grasa. La prueba mostr&#xF3; que los 2 quesos fueron preferidos. El tratamiento al 3% de grasa se envas&#xF3; al vaci&#xF3; y se almacen&#xF3; por 15 y 30 d&#xED;as a 8 &#xB0;C, para evaluarles el tiempo de vida de anaquel. Al ser comparados por medio de una prueba triangular con uno reci&#xE9;n elaborado; mostraron diferencias en la consistencia, acidez y un sabor amargo. </subfield>
  </datafield>
  <datafield tag="520" ind1="3" ind2=" ">
    <subfield code="a">This research was conducted in order to evaluate the influence of homogenization on &#x201C;Petit Suisse&#x201D; type cheese elaborated with 3, 4 and 5 % fat milk homogenized at 700, 1000 and 1500 psia; sucrose was added before pasteurization at 63 &#xB0;C for 30 minutes. Nine treatments were elaborated by triplication and a completely randomized statistical design was used. Fat and humidity were evaluated 1 and 2 days after syneresis. Results were examined by an analysis of variance with a significance of &#x3B1;=0.05. Three percent fat cheese, one day after syneresis, presented 12.3 % fat and a humidity of 59 %. Four percent fat cheese presented 12.3 % fat and a humidity of 59.2 % at 1000 and 1500 psia. Using 5 % fat, the best pressure was 700 psia, presenting 18.5 % fat and a humidity of 57.6 %. A preference test was conducted using a commercial cheese and the 3 % fat treatment. Results showed both cheeses were equally preferred. The 3 % fat treatment was vacuum packed and stored 15 and 30 days at 8 &#xB0;C, with the purpose of evaluating its shelf life. Both stored cheeses were compared with a recently elaborated treatment using a triangular test. Results showed differences for consistency, acidity and bitter taste</subfield>
  </datafield>
  <datafield tag="650" ind1="1" ind2="3">
    <subfield code="a">Quesos</subfield>
    <subfield code="2">atg</subfield>
    <subfield code="x">Evaluaci&#xF3;n sensorial de los alimentos</subfield>
  </datafield>
  <datafield tag="650" ind1="1" ind2="3">
    <subfield code="a">Quesos</subfield>
    <subfield code="2">atg</subfield>
    <subfield code="x">Valor nutritivo</subfield>
  </datafield>
  <datafield tag="650" ind1="1" ind2="3">
    <subfield code="a">Quesos</subfield>
    <subfield code="2">atg</subfield>
    <subfield code="x">Tiempo de vida</subfield>
  </datafield>
  <datafield tag="650" ind1="1" ind2="3">
    <subfield code="a">Quesos</subfield>
    <subfield code="2">atg</subfield>
    <subfield code="x">Homogeneizaci&#xF3;n</subfield>
  </datafield>
  <datafield tag="650" ind1="1" ind2="3">
    <subfield code="a">Cheeses  </subfield>
    <subfield code="2">atg</subfield>
    <subfield code="x">Sensory evaluation</subfield>
  </datafield>
  <datafield tag="650" ind1="1" ind2="3">
    <subfield code="a">Cheeses  </subfield>
    <subfield code="2">atg</subfield>
    <subfield code="x">Nutritive value</subfield>
  </datafield>
  <datafield tag="650" ind1="1" ind2="3">
    <subfield code="a">Cheeses  </subfield>
    <subfield code="2">atg</subfield>
    <subfield code="x">Shelf life</subfield>
  </datafield>
  <datafield tag="650" ind1="1" ind2="3">
    <subfield code="a">Cheeses  </subfield>
    <subfield code="2">atg</subfield>
    <subfield code="x">Homogenization</subfield>
  </datafield>
  <datafield tag="700" ind1="1" ind2=" ">
    <subfield code="a">C&#xF3;rdoba &#xC1;ngeles, Rosa Mar&#xED;a</subfield>
    <subfield code="e">directora</subfield>
  </datafield>
  <datafield tag="700" ind1="1" ind2=" ">
    <subfield code="a">Santos Moreno, Armando</subfield>
    <subfield code="e">asesor</subfield>
  </datafield>
  <datafield tag="700" ind1="1" ind2=" ">
    <subfield code="a">G&#xF3;mez Cruz, Adalberto</subfield>
    <subfield code="e">asesor</subfield>
  </datafield>
  <datafield tag="856" ind1="4" ind2="1">
    <subfield code="u">http://10.13.5.2/tesis/100041.pdf</subfield>
    <subfield code="y">DESCARGAR PDF</subfield>
  </datafield>
  <datafield tag="901" ind1=" " ind2=" ">
    <subfield code="a">TESIS G66 2004</subfield>
  </datafield>
  <datafield tag="902" ind1=" " ind2=" ">
    <subfield code="a">M</subfield>
  </datafield>
  <datafield tag="905" ind1=" " ind2=" ">
    <subfield code="a">0000002004                          mx     0000000000spa00</subfield>
  </datafield>
  <datafield tag="942" ind1=" " ind2=" ">
    <subfield code="c">TESIS</subfield>
    <subfield code="2">Clasificaci&#xF3;n Universidad Aut&#xF3;noma Chapingo</subfield>
  </datafield>
  <datafield tag="999" ind1=" " ind2=" ">
    <subfield code="c">209394</subfield>
    <subfield code="d">209394</subfield>
  </datafield>
  <datafield tag="952" ind1=" " ind2=" ">
    <subfield code="0">0</subfield>
    <subfield code="1">0</subfield>
    <subfield code="2">local</subfield>
    <subfield code="4">0</subfield>
    <subfield code="5">1</subfield>
    <subfield code="7">0</subfield>
    <subfield code="8">TESIS</subfield>
    <subfield code="a">IA_</subfield>
    <subfield code="b">IA_</subfield>
    <subfield code="d">2025-05-09</subfield>
    <subfield code="e">El autor</subfield>
    <subfield code="l">0</subfield>
    <subfield code="o">Tesis G66 2004</subfield>
    <subfield code="p">1101015399</subfield>
    <subfield code="r">2026-02-02 00:00:00</subfield>
    <subfield code="t">Ej.1</subfield>
    <subfield code="w">2025-05-09</subfield>
    <subfield code="y">TESIS</subfield>
  </datafield>
  <datafield tag="952" ind1=" " ind2=" ">
    <subfield code="0">0</subfield>
    <subfield code="1">0</subfield>
    <subfield code="2">local</subfield>
    <subfield code="4">0</subfield>
    <subfield code="5">5</subfield>
    <subfield code="7">0</subfield>
    <subfield code="8">TESIS</subfield>
    <subfield code="a">IA_</subfield>
    <subfield code="b">IA_</subfield>
    <subfield code="d">2025-05-09</subfield>
    <subfield code="e">El autor</subfield>
    <subfield code="l">0</subfield>
    <subfield code="o">Tesis G66 2004</subfield>
    <subfield code="p">1101015400</subfield>
    <subfield code="r">2026-02-02 00:00:00</subfield>
    <subfield code="t">Ej.2</subfield>
    <subfield code="w">2025-05-09</subfield>
    <subfield code="y">TESIS</subfield>
  </datafield>
  <datafield tag="952" ind1=" " ind2=" ">
    <subfield code="0">0</subfield>
    <subfield code="1">0</subfield>
    <subfield code="2">local</subfield>
    <subfield code="4">0</subfield>
    <subfield code="7">0</subfield>
    <subfield code="8">TesDigL</subfield>
    <subfield code="a">IA_</subfield>
    <subfield code="b">IA_</subfield>
    <subfield code="c">E_L</subfield>
    <subfield code="d">2025-05-09</subfield>
    <subfield code="e">El autor</subfield>
    <subfield code="l">0</subfield>
    <subfield code="p">1201015399</subfield>
    <subfield code="r">2025-05-09 13:18:09</subfield>
    <subfield code="w">2025-05-09</subfield>
    <subfield code="y">TD</subfield>
  </datafield>
</record>
